[Event "Sparkassen-Open A"]
[Site "Heusenstamm, Martinsee"]
[Date "2021.11.19"]
[Round "2.56"]
[White "Burkhardt, Holger"]
[Black "Fröhlich-Dill, Astrid"]
[Result "1-0"]
[WhiteElo "1987"]
[BlackElo "1848"]
[PlyCount "55"]
[EventDate "2021.??.??"]
[WhiteTeam "SK Gießen"]
[BlackTeam "SV Hofheim"]

1. e4 e6 2. d4 b6 3. Nc3 Bb7 4. Bd3 Bb4 5. Nge2 Nf6 6. O-O h6 7. e5 Nd5 8. Ne4
Be7 9. a3 f5 10. exf6 Nxf6 11. Nxf6+ Bxf6 12. Bg6+ Ke7 13. Re1 c5 14. c3 Qc7
15. Nf4 Bg5 16. Qg4 Qd6 17. dxc5 bxc5 18. Nxe6 dxe6 19. Bxg5+ hxg5 20. Qxg5+
Kf8 21. Qf5+ Ke7 22. Qf7+ Kd8 23. Qxb7 Qxh2+ 24. Kf1 Nd7 25. Rad1 Ke7 26. Qxd7+
Kf6 27. Qxe6+ Kg5 28. Rd5+ 1-0

[Event "Sparkassen-Open A"]
[Site "Heusenstamm, Martinsee"]
[Date "2021.11.19"]
[Round "2.57"]
[White "Bittner, Peter"]
[Black "Diez, Gerhard"]
[Result "0-1"]
[WhiteElo "1862"]
[BlackElo "1986"]
[PlyCount "68"]
[EventDate "2021.??.??"]
[WhiteTeam "SC Nied"]
[BlackTeam "SC Bad Nauheim"]

1. e4 c5 2. Nf3 a6 3. c3 e6 4. d4 d5 5. e5 Bd7 6. Be2 Bb5 7. a4 Bxe2 8. Qxe2
Nc6 9. dxc5 Bxc5 10. b4 Be7 11. Na3 Qc7 12. O-O Nh6 13. Bxh6 gxh6 14. Rfe1 Rg8
15. Nc2 Rg6 16. Rac1 Kf8 17. Ncd4 Qd7 18. Nxc6 bxc6 19. Rb1 Rg4 20. Red1 Qc7
21. Nd2 Rg6 22. f4 Kg7 23. Rf1 f5 24. Rf3 Kh8 25. Rh3 Rag8 26. g3 Qa7+ 27. Qf2
c5 28. b5 Rb8 29. c4 axb5 30. axb5 Qa4 31. Qe2 Qa2 32. Kf1 dxc4 33. Rc1 c3 34.
Rxc3 Qa1+ 0-1

[Event "Sparkassen-Open A"]
[Site "Heusenstamm, Martinsee"]
[Date "2021.11.19"]
[Round "2.58"]
[White "Cors, Heinz-Friedrich"]
[Black "Ungurean, Florin-Ioan"]
[Result "0-1"]
[WhiteElo "1858"]
[BlackElo "1970"]
[PlyCount "90"]
[EventDate "2021.??.??"]
[WhiteTeam "Schachforum Darmstadt"]
[BlackTeam "Wiesbadener SV"]

1. c4 c6 2. e4 d5 3. exd5 cxd5 4. d4 Nf6 5. Nc3 Nc6 6. Nf3 g6 7. Be3 Bg7 8. Be2
O-O 9. O-O Bg4 10. cxd5 Nxd5 11. Bc4 e6 12. Nxd5 exd5 13. Be2 Re8 14. Qd2 Qb6
15. Rfd1 Rac8 16. Rac1 Qb4 17. Rc3 Qb6 18. h3 Bf5 19. a3 Na5 20. b4 Nc4 21.
Bxc4 dxc4 22. Ne5 Qa6 23. Bh6 f6 24. Bxg7 Kxg7 25. Ng4 Bxg4 26. hxg4 Qe6 27.
Rh3 g5 28. Qc2 h6 29. Re3 Qxg4 30. Rde1 Rxe3 31. Rxe3 Rc7 32. Qc3 b5 33. Rf3
Rf7 34. d5 Qe4 35. Qd2 Rd7 36. Re3 Qb1+ 37. Kh2 Qf5 38. g3 Rxd5 39. Re7+ Kg6
40. Qe3 Re5 41. Qxa7 Rxe7 42. Qxe7 Qxf2+ 43. Kh1 Qf3+ 44. Kh2 Qd5 45. g4 Qe5+
0-1

[Event "Sparkassen-Open A"]
[Site "Heusenstamm, Martinsee"]
[Date "2021.11.19"]
[Round "2.59"]
[White "Kürschner, Matthias"]
[Black "Homberger, Jan"]
[Result "1-0"]
[WhiteElo "1978"]
[BlackElo "1825"]
[PlyCount "91"]
[EventDate "2021.??.??"]
[WhiteTeam "SK Langen"]
[BlackTeam "SSV Weimar"]

1. c4 Nf6 2. Nc3 g6 3. g3 Bg7 4. Bg2 d6 5. e4 O-O 6. Nge2 e5 7. d3 Nc6 8. O-O
Nd7 9. Be3 Nc5 10. Nd5 Ne6 11. b4 Ncd4 12. Rb1 c6 13. Ndc3 Bd7 14. a4 f5 15. f4
Rf7 16. Qc1 Qf8 17. Qa3 Nc2 18. Qc1 Nxe3 19. Qxe3 exf4 20. gxf4 Bxc3 21. exf5
Nxf4 22. Nxc3 Nxg2 23. Kxg2 Rxf5 24. Ne4 Re8 25. Rxf5 Bxf5 26. Nf6+ Qxf6 27.
Qxe8+ Kg7 28. Qe3 Qc3 29. Qe7+ Kh6 30. Qh4+ Kg7 31. Re1 Qd2+ 32. Kg1 g5 33.
Qd4+ Kg6 34. Qxd6+ Kh5 35. Qe5 Bxd3 36. h4 Kxh4 37. Qh2+ Qxh2+ 38. Kxh2 h5 39.
Re7 b5 40. axb5 cxb5 41. c5 g4 42. c6 g3+ 43. Kg2 Kg4 44. c7 Bf5 45. Rg7+ Kh4
46. Rxg3 1-0

[Event "Sparkassen-Open A"]
[Site "Heusenstamm, Martinsee"]
[Date "2021.11.19"]
[Round "2.60"]
[White "Schellen, Sven"]
[Black "Kempe, Caius Emilian"]
[Result "0-1"]
[WhiteElo "1848"]
[BlackElo "1975"]
[PlyCount "58"]
[EventDate "2021.??.??"]
[WhiteTeam "SV Frankfurt Nord"]
[BlackTeam "USV TU Dresden"]

1. d4 d5 2. c4 c6 3. Nf3 Nf6 4. g3 g6 5. Bg2 Bg7 6. O-O O-O 7. Nc3 dxc4 8. Ne5
Ng4 9. f4 Nxe5 10. fxe5 c5 11. e3 Nc6 12. Bxc6 bxc6 13. Ne4 cxd4 14. exd4 Qb6
15. Rf2 Bf5 16. Nc3 Rad8 17. Be3 Bxe5 18. Na4 Qc7 19. Rc1 Bxg3 20. Rxf5 gxf5
21. Bh6 Bf4 22. Bxf8 Rxf8 23. Rxc4 Kh8 24. Qh5 Rg8+ 25. Kf1 Bxh2 26. Rc3 Qf4+
27. Rf3 Qc1+ 28. Kf2 Qd2+ 29. Kf1 Rg1# 0-1

[Event "Sparkassen-Open A"]
[Site "Heusenstamm, Martinsee"]
[Date "2021.11.19"]
[Round "2.61"]
[White "Syed, Tareq"]
[Black "Rabiya, Karim"]
[Result "1-0"]
[WhiteElo "1974"]
[BlackElo "1803"]
[PlyCount "37"]
[EventDate "2021.??.??"]
[WhiteTeam "SV Diag.Harburg"]
[BlackTeam "SK Niederbrechen"]

1. d3 e5 2. g3 c6 3. Nf3 d6 4. Bg2 h6 5. e4 Be7 6. Nc3 Bg4 7. h3 Be6 8. d4 Nd7
9. O-O Ngf6 10. Be3 Qa5 11. a3 O-O 12. g4 Rfd8 13. Qd2 Bf8 14. d5 cxd5 15. exd5
e4 16. Nh2 Nxd5 17. b4 Nxb4 18. axb4 Qxb4 19. Ra4 1-0

[Event "Sparkassen-Open A"]
[Site "Heusenstamm, Martinsee"]
[Date "2021.11.19"]
[Round "2.62"]
[White "Launert, Martin"]
[Black "Ochs, Daniel Elias"]
[Result "0-1"]
[WhiteElo "1841"]
[BlackElo "1966"]
[PlyCount "62"]
[EventDate "2021.??.??"]
[WhiteTeam "Sfr. Erbach"]
[BlackTeam "Wiesbadener SV"]

1. e4 c5 2. Nf3 e6 3. d4 cxd4 4. Nxd4 a6 5. Nc3 Qc7 6. a3 b5 7. Bd3 Bb7 8. O-O
Nf6 9. Bg5 Be7 10. Bh4 O-O 11. Bg3 d6 12. Re1 Nbd7 13. Nf3 Ne5 14. Nxe5 dxe5
15. Qe2 Rfd8 16. Nb1 g6 17. Nd2 Nh5 18. Qg4 Nxg3 19. Qxg3 Bc5 20. Rad1 Kg7 21.
Nf3 f6 22. Rf1 Rd7 23. Nd2 Rad8 24. Kh1 Bd4 25. b3 Bb2 26. f4 exf4 27. Qg4 e5
28. Rf3 h5 29. Qh4 Rd4 30. Qf2 Bxa3 31. Nb1 Bc5 0-1

[Event "Sparkassen-Open A"]
[Site "Heusenstamm, Martinsee"]
[Date "2021.11.19"]
[Round "2.63"]
[White "Heppert, Lars"]
[Black "Hänselmann, Hendrik"]
[Result "1/2-1/2"]
[WhiteElo "1833"]
[BlackElo "1865"]
[PlyCount "65"]
[EventDate "2021.??.??"]
[WhiteTeam "SK Neuburg"]
[BlackTeam "Karlsruher SF"]

1. e4 c5 2. Nf3 e6 3. c3 Nf6 4. Qe2 b6 5. e5 Nd5 6. g3 Bb7 7. Bg2 Be7 8. O-O
Nc6 9. Na3 O-O 10. Nc2 d6 11. d4 cxd4 12. Ncxd4 Nxd4 13. Nxd4 dxe5 14. Qxe5 Bf6
15. Qe2 Bxd4 16. cxd4 Rc8 17. Be3 Qd7 18. Rfc1 Rxc1+ 19. Rxc1 Rc8 20. Qd2 Rc7
21. Rxc7 Qxc7 22. Qc1 Qxc1+ 23. Bxc1 Kf8 24. Bd2 Ke7 25. a3 Kd6 26. Bxd5 Kxd5
27. Bc3 g6 28. f3 Kc4 29. Kf2 Kd3 30. g4 g5 31. Bb4 Kc2 32. Bc3 Kd3 33. Bb4
1/2-1/2

[Event "Sparkassen-Open A"]
[Site "Heusenstamm, Martinsee"]
[Date "2021.11.19"]
[Round "2.64"]
[White "Trumpp, Lothar"]
[Black "Plaumann, Arvin"]
[Result "0-1"]
[WhiteElo "1961"]
[BlackElo "1613"]
[PlyCount "56"]
[EventDate "2021.??.??"]
[WhiteTeam "VSG Offenbach"]
[BlackTeam "SF Heidesheim"]

1. e4 e6 2. Nf3 d5 3. Nc3 Nf6 4. e5 Nfd7 5. d3 c5 6. Bf4 Nc6 7. g3 b5 8. Bg2 b4
9. Nb1 Qc7 10. c3 Nb6 11. O-O a5 12. Re1 Ba6 13. Bf1 Rb8 14. Nbd2 bxc3 15. bxc3
a4 16. Qc2 Be7 17. h4 a3 18. Nb1 c4 19. dxc4 Bxc4 20. Nbd2 Na5 21. Rab1 Bxf1
22. Rxf1 O-O 23. Nb3 Na4 24. Rbc1 Rfc8 25. Bd2 Nc4 26. Bg5 Nxe5 27. Bxe7 Nxf3+
28. Kg2 Qxe7 0-1

[Event "Sparkassen-Open A"]
[Site "Heusenstamm, Martinsee"]
[Date "2021.11.19"]
[Round "2.65"]
[White "Klaska, Philipp Leon"]
[Black "Chassard, Cedric"]
[Result "1-0"]
[WhiteElo "1745"]
[BlackElo "1954"]
[PlyCount "117"]
[EventDate "2021.??.??"]
[WhiteTeam "Düsseldorfer SV"]
[BlackTeam "SC Schwarzenbach"]

1. d4 Nf6 2. c4 e6 3. Nf3 d5 4. cxd5 exd5 5. Nc3 c6 6. Bg5 h6 7. Bh4 Qb6 8. Qc2
Be7 9. Bxf6 Bxf6 10. Nxd5 cxd5 11. Qxc8+ Bd8 12. Qc2 Nc6 13. e3 Qa5+ 14. Qd2
Nb4 15. Rc1 Qxa2 16. Bb5+ Nc6 17. b4 Qxd2+ 18. Kxd2 O-O 19. Bxc6 bxc6 20. Ne5
a5 21. bxa5 Rxa5 22. Nxc6 Ra2+ 23. Rc2 Rxc2+ 24. Kxc2 Bh4 25. Kd3 Ra8 26. g3
Bf6 27. Rc1 g5 28. Nb4 Ra5 29. Ke2 Rb5 30. Nd3 Kf8 31. Rc5 Rxc5 32. Nxc5 Ke7
33. g4 Kd6 34. Nb3 Bd8 35. h3 Bb6 36. Nd2 Bd8 37. Nf1 Be7 38. Ng3 Bf8 39. Kd3
Kc6 40. Nf5 Kd7 41. f3 Ke6 42. e4 dxe4+ 43. fxe4 Kd7 44. Kc3 Kc7 45. Kc4 Kc6
46. e5 Kc7 47. d5 Kd7 48. Kd4 Ke8 49. d6 Kd8 50. Kc5 Kd7 51. Kd5 Kd8 52. Kc6
Kc8 53. d7+ Kd8 54. Nd6 Bxd6 55. Kxd6 h5 56. gxh5 g4 57. hxg4 f5 58. e6 f4 59.
e7# 1-0

[Event "Sparkassen-Open A"]
[Site "Heusenstamm, Martinsee"]
[Date "2021.11.19"]
[Round "2.66"]
[White "Füssel, Jan Michael"]
[Black "Buchholz, Maja"]
[Result "0-1"]
[WhiteElo "1799"]
[BlackElo "1930"]
[PlyCount "110"]
[EventDate "2021.??.??"]
[WhiteTeam "VSG Offenbach"]
[BlackTeam "SK Langen"]

1. b3 Nf6 2. Bb2 g6 3. Nf3 Bg7 4. e3 O-O 5. Be2 c5 6. c4 d5 7. cxd5 Qxd5 8. Nc3
Qd6 9. O-O Bf5 10. d4 Nbd7 11. Rc1 Rac8 12. dxc5 Qxd1 13. Rfxd1 Nxc5 14. Nd4
Bd7 15. Bf3 Bg4 16. b4 Bxf3 17. gxf3 Ncd7 18. Ne4 Ne5 19. Rxc8 Rxc8 20. Kg2
Nxe4 21. fxe4 Rc4 22. a3 h5 23. h3 a6 24. f4 Nc6 25. e5 f6 26. exf6 Bxf6 27.
Kf3 e5 28. fxe5 Nxe5+ 29. Ke4 Kf7 30. Kd5 Rc7 31. Ba1 Rd7+ 32. Ke4 Nc4 33. Rd3
Re7+ 34. Kf3 Ne5+ 35. Ke2 Nxd3 36. Kxd3 g5 37. Bc3 Kg6 38. Bd2 Bxd4 39. exd4
Kf5 40. a4 h4 41. Be3 g4 42. hxg4+ Kxg4 43. d5 h3 44. Bg1 Kg3 45. Ba7 Re8 46.
Bb6 Kf4 47. Bc7+ Kf5 48. Kd4 Re7 49. Bg3 Rg7 50. Bb8 b6 51. a5 Rg4+ 52. Kc3
bxa5 53. bxa5 Ra4 54. d6 Rxa5 55. Kc4 Ke6 0-1

[Event "Sparkassen-Open A"]
[Site "Heusenstamm, Martinsee"]
[Date "2021.11.19"]
[Round "2.67"]
[White "Niebler, Paul"]
[Black "Werner, Rosalie"]
[Result "1-0"]
[WhiteElo "1956"]
[BlackElo "1746"]
[PlyCount "75"]
[EventDate "2021.??.??"]
[WhiteTeam "VL Frankfurt"]
[BlackTeam "VSG Offenbach"]

1. e4 e6 2. d4 d5 3. Nc3 Nf6 4. Bg5 dxe4 5. Nxe4 Be7 6. Bxf6 gxf6 7. Nf3 a6 8.
Qd2 f5 9. Nc3 b5 10. O-O-O Bb7 11. Ne5 Nd7 12. Qe3 Nb6 13. Be2 h5 14. Rhe1 Nd5
15. Nxd5 Bxd5 16. Kb1 c6 17. Bf3 Qb6 18. Qe2 h4 19. Bh5 Qa5 20. Bxf7+ Kf8 21.
c4 bxc4 22. Bxe6 Be4+ 23. Ka1 Bb4 24. Ng6+ Kg7 25. Nxh8 c3 26. Qe3 Rxh8 27.
Qg5+ Kh7 28. Qh5+ Kg7 29. Qf7+ Kh6 30. Qf6+ Kh7 31. Rxe4 cxb2+ 32. Kb1 fxe4 33.
Bf5+ Kg8 34. Be6+ Kh7 35. Bf7 Rg8 36. Bxg8+ Kxg8 37. Qg6+ Kf8 38. Qxe4 1-0

[Event "Sparkassen-Open A"]
[Site "Heusenstamm, Martinsee"]
[Date "2021.11.19"]
[Round "2.68"]
[White "Busch, Malte"]
[Black "Bäumer, Frank"]
[Result "1/2-1/2"]
[WhiteElo "1769"]
[BlackElo "1939"]
[PlyCount "60"]
[EventDate "2021.??.??"]
[WhiteTeam "SC Hattersheim"]
[BlackTeam "Gambit Gusenburg"]

1. Nc3 Nf6 2. e4 e5 3. f4 d5 4. fxe5 Nxe4 5. Nxe4 dxe4 6. d3 Nc6 7. Bf4 Qd5 8.
Qe2 Nd4 9. Qd2 Bg4 10. c3 Ne6 11. d4 Be7 12. Be2 Bf5 13. Bd1 O-O-O 14. Bb3 Qa5
15. Ne2 a6 16. O-O Bg6 17. Be3 c6 18. Ng3 Bg5 19. Nf5 Bxf5 20. Rxf5 Nxd4 21.
cxd4 Qxd2 22. Bxd2 Bxd2 23. Rxf7 e3 24. Kf1 Rhf8 25. e6 Rxf7+ 26. exf7 Kd7 27.
Ke2 Ke7 28. Rf1 Kf8 29. Rf4 Rd7 30. Re4 Re7 1/2-1/2

[Event "Sparkassen-Open A"]
[Site "Heusenstamm, Martinsee"]
[Date "2021.11.19"]
[Round "2.69"]
[White "Poschadel, Andreas Gregor"]
[Black "Linnemann, Caspar"]
[Result "1-0"]
[WhiteElo "1906"]
[BlackElo "1731"]
[PlyCount "59"]
[EventDate "2021.??.??"]
[WhiteTeam "Hamelner SV"]
[BlackTeam "TuS Coswig"]

1. c4 c5 2. Nc3 Nc6 3. g3 g6 4. Bg2 Bg7 5. Nf3 e6 6. O-O Nge7 7. d3 O-O 8. Bd2
b6 9. Rb1 Bb7 10. a3 d5 11. b4 cxb4 12. axb4 Rc8 13. c5 Ne5 14. Nxe5 Bxe5 15.
e3 Bg7 16. d4 e5 17. Ne2 Nf5 18. Bc3 Re8 19. cxb6 axb6 20. dxe5 Bxe5 21. Bxe5
Rxe5 22. Qd3 Ne7 23. Rfd1 Rc7 24. b5 Re6 25. Nd4 Rd6 26. Ra1 Ba8 27. Rd2 Rc8
28. Rda2 Bb7 29. Ra7 Ba8 30. Qa3 1-0

[Event "Sparkassen-Open A"]
[Site "Heusenstamm, Martinsee"]
[Date "2021.11.19"]
[Round "2.70"]
[White "Burkart, Lloyd Shang"]
[Black "Zimmer, Gerald"]
[Result "1/2-1/2"]
[WhiteElo "1518"]
[BlackElo "1941"]
[PlyCount "61"]
[EventDate "2021.??.??"]
[WhiteTeam "SV Hofheim"]
[BlackTeam "SC Bergen-Enkheim"]

1. d4 e6 2. c4 Nf6 3. g3 d5 4. Nf3 c6 5. Qc2 Bb4+ 6. Nbd2 Nbd7 7. Bg2 O-O 8.
O-O Re8 9. Rd1 Bd6 10. e4 dxe4 11. Nxe4 Nxe4 12. Qxe4 Nf6 13. Qe2 Qa5 14. Bd2
Qh5 15. Bc3 e5 16. dxe5 Bxe5 17. Bxe5 Nd7 18. c5 h6 19. Re1 Nxe5 20. Nxe5 Qxe2
21. Rxe2 f6 22. Rae1 fxe5 23. Rxe5 Rxe5 24. Rxe5 Bd7 25. Kf1 Kf7 26. Ke2 Be6
27. a4 Rd8 28. Re4 Kf6 29. a5 Bf5 30. Re3 Be6 31. Re4 1/2-1/2

[Event "Sparkassen-Open A"]
[Site "Heusenstamm, Martinsee"]
[Date "2021.11.19"]
[Round "2.71"]
[White "Oster, Klaus"]
[Black "von Beckh, Frieda"]
[Result "1-0"]
[WhiteElo "1937"]
[BlackElo "1508"]
[PlyCount "79"]
[EventDate "2021.??.??"]
[WhiteTeam "SF Sailauf"]
[BlackTeam "SK Bad Homburg"]

1. d4 d5 2. Nf3 e6 3. g3 c5 4. Bg2 Nc6 5. O-O Nf6 6. a3 cxd4 7. Nxd4 e5 8. Nxc6
bxc6 9. c4 Be6 10. Nc3 h6 11. Qa4 Qd7 12. Rd1 Rd8 13. b4 Be7 14. Bb2 O-O 15.
Rac1 Bh3 16. Bh1 Ng4 17. cxd5 Qf5 18. Bf3 Bg5 19. Qc2 e4 20. Qxe4 Qxe4 21. Bxe4
Bxc1 22. Bxc1 Nf6 23. d6 Nxe4 24. Nxe4 Rfe8 25. f3 Bf5 26. Nc3 Re6 27. g4 Bh7
28. Bf4 g5 29. Bg3 Re3 30. Rc1 f5 31. gxf5 Bxf5 32. Kf2 Re6 33. e4 Bg6 34. Na4
g4 35. e5 Rf8 36. Rc3 Rxf3+ 37. Rxf3 gxf3 38. Nc5 Re8 39. d7 Rd8 40. Bh4 1-0

[Event "Sparkassen-Open A"]
[Site "Heusenstamm, Martinsee"]
[Date "2021.11.19"]
[Round "2.73"]
[White "Stumpf, Daniel"]
[Black "Margaryan, Susanna"]
[Result "1-0"]
[WhiteElo "1931"]
[BlackElo "1517"]
[PlyCount "57"]
[EventDate "2021.??.??"]
[WhiteTeam "SW Lichtenrade"]
[BlackTeam "Elmshorner SC"]

1. c4 e5 2. Nc3 g6 3. g3 Bg7 4. Bg2 Ne7 5. e3 Nbc6 6. Nge2 O-O 7. O-O d6 8. d3
h6 9. Rb1 a5 10. a3 f5 11. b4 Rb8 12. Qa4 axb4 13. axb4 Bd7 14. Qb3 Kh7 15. Bd2
Qe8 16. Nb5 Qc8 17. Nec3 g5 18. f4 g4 19. e4 exf4 20. Bxf4 Nd4 21. Nxd4 Bxd4+
22. Kh1 Ng6 23. Ne2 Nxf4 24. Rxf4 Be3 25. Rff1 fxe4 26. Bxe4+ Bf5 27. Rxf5 Rxf5
28. Rf1 Bf2 29. Rxf2 1-0

[Event "Sparkassen-Open A"]
[Site "Heusenstamm, Martinsee"]
[Date "2021.11.19"]
[Round "2.74"]
[White "Schreidl, Michael"]
[Black "Rutsatz, Mario"]
[Result "0-1"]
[WhiteElo "1598"]
[BlackElo "1929"]
[PlyCount "101"]
[EventDate "2021.??.??"]
[WhiteTeam "SK Frankenthal"]
[BlackTeam "SF Frankfurt"]

1. e4 e6 2. d4 d5 3. Nc3 Bb4 4. e5 c5 5. a3 Bxc3+ 6. bxc3 Qc7 7. Bd2 Ne7 8. Qg4
Nbc6 9. Nf3 Bd7 10. Bd3 O-O-O 11. O-O c4 12. Be2 Nf5 13. Nh4 Nce7 14. Nxf5 Nxf5
15. f4 Ba4 16. Rfc1 Qa5 17. Qf3 Nxd4 18. cxd4 Qxd2 19. Rcb1 Qxd4+ 20. Kf1 Bxc2
21. Rc1 Kb8 22. a4 Be4 23. Qa3 g5 24. Rd1 Bd3 25. Bxd3 Qxf4+ 26. Kg1 cxd3 27.
Rxd3 Qxe5 28. Rb1 Rc8 29. Rdb3 Rc7 30. a5 Rhc8 31. a6 b6 32. Rb4 Qc3 33. R4b3
Qc5+ 34. Qxc5 Rxc5 35. Rf3 Rc1+ 36. Rf1 Rxb1 37. Rxb1 f5 38. Re1 Rc6 39. Kf2
Kc7 40. h3 b5 41. Rb1 Kb6 42. Ra1 e5 43. g3 d4 44. g4 Rc2+ 45. Kg3 Rc3+ 46. Kg2
f4 47. Rd1 Kxa6 48. Re1 Re3 49. Ra1+ Kb6 50. Rh1 e4 51. h4 0-1

[Event "Sparkassen-Open A"]
[Site "Heusenstamm, Martinsee"]
[Date "2021.11.19"]
[Round "2.75"]
[White "Reuter, Klaus"]
[Black "Speck, Stefan"]
[Result "0-1"]
[WhiteElo "1617"]
[BlackElo "1928"]
[PlyCount "126"]
[EventDate "2021.??.??"]
[WhiteTeam "SC Ober-Ramstadt"]
[BlackTeam "SG Solingen"]

1. d4 f5 2. Nc3 Nf6 3. Bf4 d5 4. Qd3 e6 5. Nf3 c6 6. a3 Qa5 7. Bd2 Qc7 8. g3
Bd6 9. Bg2 b6 10. b4 O-O 11. Qe3 Ne4 12. Nxe4 fxe4 13. Ng5 e5 14. c3 c5 15.
Bxe4 dxe4 16. Qxe4 g6 17. Qd5+ Kh8 18. bxc5 bxc5 19. Rb1 Qc6 20. Qxc6 Nxc6 21.
d5 Na5 22. Ne4 Bf5 23. f3 Bxe4 24. fxe4 c4 25. Rb5 Nb3 26. Bh6 Rfb8 27. a4 a6
28. Rxb8+ Rxb8 29. O-O Nc5 30. Rf6 Nxe4 31. Rf7 Nxc3 32. Rd7 Ne4 33. Kg2 Bf8
34. Kf3 Bxh6 35. Kxe4 Bg7 36. Rc7 Kg8 37. Rxc4 Rb2 38. Rc8+ Kf7 39. Rc7+ Kf8
40. Rc8+ Ke7 41. Rc7+ Kd6 42. Rxg7 Rxe2+ 43. Kd3 Rxh2 44. Ra7 Rh3 45. Kc4 Rxg3
46. Rxa6+ Kc7 47. Ra7+ Kb6 48. Rxh7 Rg4+ 49. Kb3 Kc5 50. a5 Rb4+ 51. Kc3 Ra4
52. d6 Kxd6 53. Rh6 Rxa5 54. Rxg6+ Kd5 55. Kb4 Rc5 56. Rg4 Rc8 57. Rg5 Kd4 58.
Rg7 Rb8+ 59. Ka5 e4 60. Ka6 e3 61. Rd7+ Kc3 62. Ka7 Rb3 63. Re7 Kd2 0-1

[Event "Sparkassen-Open A"]
[Site "Heusenstamm, Martinsee"]
[Date "2021.11.19"]
[Round "3.1"]
[White "Sumets, Andrey"]
[Black "Kersten, Uwe"]
[Result "1-0"]
[WhiteElo "2527"]
[BlackElo "2254"]
[PlyCount "97"]
[EventDate "2021.??.??"]
[WhiteTeam "SV Hofheim"]
[BlackTeam "Sfr. Bad Emstal/Wolfhagen"]

{[%evp 0,20,19,15,19,6,36,41,40,40,47,47,47,36,47,41,77,81,82,64,78,63,76]} 1.
d4 Nf6 2. c4 c5 3. d5 g6 4. Nc3 Bg7 5. e4 d6 6. Nf3 {[%emt 0:00:11]} O-O 7. h3
e6 8. Bd3 Na6 9. O-O e5 10. Bg5 {[%emt 0:00:03]} h6 11. Bh4 Nc7 12. Ne1 Qe8 13.
g4 {[%emt 0:21:06]} Nd7 {[%emt 0:07:29]} 14. Qd2 {[%emt 0:06:18]} a6 {[%emt 0:
08:32]} 15. Bg3 {[%emt 0:08:44]} Qe7 {[%emt 0:03:41]} 16. Ng2 {[%emt 0:02:12]}
Kh7 {[%emt 0:04:45]} 17. a3 {[%emt 0:00:22]} Rb8 {[%emt 0:04:21]} 18. Qe2 {
[%emt 0:02:30]} Qe8 {[%emt 0:31:39]} 19. b4 {[%emt 0:00:49]} a5 {[%emt 0:04:21]
} 20. bxa5 {[%emt 0:05:52]} Ra8 {[%emt 0:01:43]} 21. Ne3 {[%emt 0:06:25]} Nf6 {
[%emt 0:06:29]} 22. Nb5 {[%emt 0:04:41]} Qe7 {[%emt 0:01:49]} 23. Qe1 {[%emt 0:
04:59]} Nce8 {[%emt 0:00:51]} 24. Rb1 {[%emt 0:01:18]} h5 {[%emt 0:02:23]} 25.
Bh4 {[%emt 0:02:25]} Rh8 {[%emt 0:02:53]} 26. f3 {[%emt 0:06:31]} Kg8 {[%emt 0:
01:15]} 27. Kg2 {[%emt 0:00:16]} Qd7 {[%emt 0:01:47]} 28. Rh1 {[%emt 0:00:56]}
Nh7 {[%emt 0:01:25]} 29. gxh5 {[%emt 0:02:39]} Nhf6 {[%emt 0:00:57]} 30. hxg6 {
[%emt 0:01:43]} fxg6 {[%emt 0:00:28]} 31. Kf1 {[%emt 0:00:43]} Nh5 {[%emt 0:00:
38]} 32. Ng2 {[%emt 0:01:15]} Qf7 {[%emt 0:00:47]} 33. Ke2 {[%emt 0:00:20]} Bf6
{[%emt 0:01:18]} 34. Bf2 {[%emt 0:02:28]} Bd8 {[%emt 0:00:35]} 35. Be3 {
[%emt 0:00:59]} Bxa5 {[%emt 0:00:34]} 36. Qf2 {[%emt 0:00:11]} Bd8 {[%emt 0:01:
00]} 37. f4 {[%emt 0:00:32]} exf4 {[%emt 0:00:40]} 38. Nxf4 {[%emt 0:00:07]}
Nxf4+ {[%emt 0:00:53]} 39. Qxf4 {[%emt 0:00:42]} Qxf4 {[%emt 0:00:17]} 40. Bxf4
{[%emt 0:00:23]} Ra6 {[%emt 0:00:22]} 41. Rbg1 {[%emt 0:01:07]} Kf7 {[%emt 0:
09:02]} 42. Rg3 {[%emt 0:03:07]} Bh4 {[%emt 0:05:28]} 43. Rf3 {[%emt 0:01:19]}
Bf6 {[%emt 0:00:42]} 44. Kd2 {[%emt 0:05:54]} Ke7 {[%emt 0:02:48]} 45. e5 {
[%emt 0:16:01]} dxe5 {[%emt 0:04:34]} 46. Be3 b6 {[%emt 0:00:24]} 47. Bxg6 {
[%emt 0:00:41]} Ra4 {[%emt 0:09:22]} 48. Bxe8 {[%emt 0:04:21]} Rxe8 {[%emt 0:
00:13]} 49. d6+ {[%emt 0:00:12]} 1-0

[Event "Sparkassen-Open A"]
[Site "Heusenstamm, Martinsee"]
[Date "2021.11.19"]
[Round "3.2"]
[White "Krassowizkij, Jaroslaw"]
[Black "Asadzade, Idris"]
[Result "1-0"]
[WhiteElo "2458"]
[BlackElo "2228"]
[PlyCount "99"]
[EventDate "2021.??.??"]
[WhiteTeam "TSV Schönaich"]
[BlackTeam "SG Solingen"]

{[%evp 0,33,19,-27,7,7,7,-24,-24,-19,21,-18,16,-26,-28,-28,-24,-29,-13,-7,9,8,
-6,-1,7,24,33,28,27,9,21,18,11,33,28,29]} 1. c4 e6 2. Nf3 d5 3. g3 Nf6 4. Bg2
d4 5. O-O c5 6. e3 Nc6 7. exd4 cxd4 8. d3 Bd6 9. Bg5 h6 10. Bxf6 Qxf6 11. Nbd2
Qe7 12. Re1 {[%emt 0:14:02]} O-O {[%emt 0:00:39]} 13. a3 {[%emt 0:03:12]} a5 {
[%emt 0:01:11]} 14. Nb3 {[%emt 0:00:31]} Qf6 {[%emt 0:09:22]} 15. Nfd2 {
[%emt 0:01:34]} e5 {[%emt 0:08:16]} 16. Ne4 {[%emt 0:03:58]} Qg6 {[%emt 0:02:
40]} 17. Nxd6 {[%emt 0:00:59]} Qxd6 {[%emt 0:00:10]} 18. c5 {[%emt 0:00:22]}
Qc7 {[%emt 0:01:23]} 19. Nd2 {[%emt 0:00:40]} Be6 {[%emt 0:01:56]} 20. Qa4 {
[%emt 0:07:44]} Ne7 {[%emt 0:07:15]} 21. Qb5 {[%emt 0:04:16]} Rab8 {[%emt 0:05:
18]} 22. b4 {[%emt 0:11:39]} axb4 {[%emt 0:03:51]} 23. axb4 {[%emt 0:00:34]}
Bd7 {[%emt 0:01:29]} 24. Qa5 {[%emt 0:14:30]} Qxa5 {[%emt 0:02:19]} 25. bxa5 {
[%emt 0:00:28]} f6 {[%emt 0:00:41]} 26. Reb1 {[%emt 0:05:59]} Bc6 {[%emt 0:02:
01]} 27. Bxc6 {[%emt 0:02:34]} Nxc6 {[%emt 0:00:26]} 28. Nc4 {[%emt 0:00:41]}
Rfc8 {[%emt 0:00:52]} 29. Rb6 {[%emt 0:02:21]} Nd8 {[%emt 0:01:57]} 30. Nd6 {
[%emt 0:05:47]} Rxc5 {[%emt 0:07:11]} 31. Nxb7 {[%emt 0:03:32]} Nxb7 {[%emt 0:
08:39]} 32. a6 Rc7 33. Rab1 {[%emt 0:00:39]} Ra8 {[%emt 0:00:33]} 34. Rxb7 {
[%emt 0:04:04]} Rxb7 {[%emt 0:03:40]} 35. axb7 {[%emt 0:00:21]} Rb8 {[%emt 0:
00:12]} 36. f4 {[%emt 0:00:20]} exf4 {[%emt 0:02:31]} 37. gxf4 {[%emt 0:00:33]}
Kf7 {[%emt 0:00:03]} 38. f5 {[%emt 0:03:35]} Ke7 {[%emt 0:03:58]} 39. Kf2 {
[%emt 0:00:54]} Kd6 {[%emt 0:01:21]} 40. Kg3 {[%emt 0:04:34]} Kd5 {[%emt 0:03:
48]} 41. Kg4 {[%emt 0:00:28]} Kd6 {[%emt 0:00:44]} 42. Kh5 {[%emt 0:10:08]} Ke5
{[%emt 0:00:42]} 43. Kg6 Kf4 44. Kxg7 {[%emt 0:04:48]} Kxf5 {[%emt 0:00:29]}
45. Kxh6 Kf4 {[%emt 0:03:26]} 46. Kg6 {[%emt 0:06:14]} f5 {[%emt 0:02:19]} 47.
Rb3 {[%emt 0:01:29]} Ke5 {[%emt 0:00:32]} 48. Kg5 {[%emt 0:02:16]} Rg8+ {
[%emt 0:01:32]} 49. Kh4 {[%emt 0:01:03]} Rb8 50. Kg3 {[%emt 0:01:19]} 1-0